| 000 | 01024nam a2200301Ia 4500 | ||
|---|---|---|---|
| 003 | OSt | ||
| 005 | 20221007125732.0 | ||
| 006 | a|||||r|||| 00| 0 | ||
| 007 | ta | ||
| 008 | 221006b |||||||| |||| 00| 0 eng d | ||
| 020 |
_a0854044957 (pbk) _cRs.2372.27 |
||
| 024 | _a16305 | ||
| 037 |
_b122, 21/11/2005, Dhanraj Book House _cTextual |
||
| 040 |
_aCDL _cCDL _beng |
||
| 041 |
_2eng _aeng |
||
| 082 | _aB0bE, P3.1;1-;3 P3.2;1-;3 Carc | ||
| 100 |
_aCockett Martin C R _9722399 |
||
| 245 | 0 |
_aMaths for chemists _b Doggett Graham |
|
| 260 |
_aCambridge _bThe Royal Society of Chemistry _c2003 |
||
| 300 |
_avii, 133p. _ccm. |
||
| 490 |
_vV 1 _aTutorial chemistry texts; 19 |
||
| 650 |
_a Mathematics-Chemists _9722400 |
||
| 650 |
_a Power series _9722401 |
||
| 650 | _aChemistry | ||
| 700 |
_a Doggett Graham _9722402 |
||
| 942 |
_hB0bE, P3.1;1-;3 P3.2;1-;3 Carc _cTEXL _2CC |
||
| 999 |
_c1215788 _d1215788 |
||